000 01430nam0a2200361 4500
001 RU\NLR\bibl\1055155
005 20250615035150.0
010 _a5-17-041905-8
_bАСТ
010 _a5-9713-4350-5
_bАСТ МОСКВА
010 _a5-9762-2426-1
_bХРАНИТЕЛЬ
_914000
021 _aRU
_b2007-2552
_9124
035 _a(nilc)RSL-KNO-003031402
035 _a(NLR Aleph) 001042451
090 _a827258
_c827258
100 _a20070213d2007 |||y0rusy50 ca
101 1 _arus
_ceng
102 _aRU
105 _ay z |||||
106 _ar
200 1 _aЛилия и меч
_eроман
_fСара Беннет
_g[пер. с англ. Т. Н. Замиловой]
210 _aМосква
_cАСТ [и др.]
_d2007
215 _a318, [1] с.
_d17
225 1 _aОчарование
225 1 _aМини-Шарм
610 0 _aФилологические науки. Художественная литература -- США -- Американская литература -- с 1945 г. -- Произведения художественной литературы -- Художественная проза -- Романы. Повести. Рассказы
686 _aШ5(7США)62-644
_2rubbk
700 1 _aБеннет
_bС.
_gСара
_4070
801 0 _aRU
_bРКП
_c20070213
_grcr
801 1 _aRU
_bРГБ
_c20070213
801 2 _aRU
_bNLR
_c20070306
_grcr
942 _cBOOK
980 _aNB